Facilition made easy : practical tips to improve meetings and workshops

Bibliographic Details
Main Author: Cameron, Esther
Format: Book
Published: Rogan Page , 2001
Edition:2nd ed.
Subjects:

MARC

LEADER 00000cam a2200000 7i4500
001 0000010020
005 20050506.0
020 |a 0749436085 
040 |a INS 
090 0 0 |a HM751   |b C36 2001 
100 1 |a Cameron, Esther 
245 1 0 |a Facilition made easy :   |b practical tips to improve meetings and workshops   |c Esther Cameron 
250 |a 2nd ed. 
260 |a Rogan Page ,   |c 2001 
300 |a 171pp ;   |c 234x153mm. 
650 0 0 |a Employee   |x Training of Forums (Discussion and debatc) 
999 |a 0000009303   |b BOOK   |c Open Shelf   |e Default branch